Бромирование высоко-деактивированных ароматических систем с применением тетрафторобромата бария; Перспективы развития фундаментальных наук
| Parent link: | Перспективы развития фундаментальных наук.— 2015.— [С. 526-528] |
|---|---|
| Hlavní autor: | |
| Korporativní autor: | |
| Další autoři: | |
| Shrnutí: | Заглавие с экрана It has been shown that Ba(BrF[4])[2] acted as a highly-active brominating agent. In case of interaction with nitrobenzene, the pure 3-bromo-nitrobenzene is formed. It has been shown that typical electrophilic bromination of the aromatic compound with electron donating and electron-accepting substituents occurred without any catalysts or hard conditions. |
| Jazyk: | ruština |
| Vydáno: |
2015
|
| Edice: | Химия |
| Témata: | |
| On-line přístup: | http://earchive.tpu.ru/handle/11683/19190 http://www.lib.tpu.ru/fulltext/c/2015/C21/165.pdf |
| Médium: | MixedMaterials Elektronický zdroj Kapitola |
| KOHA link: | https://koha.lib.tpu.ru/cgi-bin/koha/opac-detail.pl?biblionumber=613036 |
MARC
| LEADER | 00000naa2a2200000 4500 | ||
|---|---|---|---|
| 001 | 613036 | ||
| 005 | 20231101132734.0 | ||
| 035 | |a (RuTPU)RU\TPU\conf\11167 | ||
| 035 | |a RU\TPU\conf\11158 | ||
| 090 | |a 613036 | ||
| 100 | |a 20150706d2015 k y0rusy50 ca | ||
| 101 | 0 | |a rus |d eng | |
| 102 | |a RU | ||
| 105 | |a a z 101zy | ||
| 135 | |a drgn ---uucaa | ||
| 181 | 0 | |a i | |
| 182 | 0 | |a b | |
| 200 | 1 | |a Бромирование высоко-деактивированных ароматических систем с применением тетрафторобромата бария |d Bromination of highly-deactivated aromatic systems using barium fluorobromate |f В. И. Соболев |g науч. рук. Р. В. Оствальд | |
| 203 | |a Текст |c электронный | ||
| 215 | |a 1 файл(130 Кб) | ||
| 225 | 1 | |a Химия | |
| 230 | |a Электронные текстовые данные (1 файл: 130 Кб) | ||
| 300 | |a Заглавие с экрана | ||
| 320 | |a [Библиогр.: с. 528 (6 назв.)] | ||
| 330 | |a It has been shown that Ba(BrF[4])[2] acted as a highly-active brominating agent. In case of interaction with nitrobenzene, the pure 3-bromo-nitrobenzene is formed. It has been shown that typical electrophilic bromination of the aromatic compound with electron donating and electron-accepting substituents occurred without any catalysts or hard conditions. | ||
| 337 | |a Adobe Reader | ||
| 463 | 1 | |0 (RuTPU)RU\TPU\conf\10376 |t Перспективы развития фундаментальных наук |l Prospects of fundamental sciences development |o сборник научных трудов XII Международной конференция студентов и молодых ученых, г. Томск, 21-24 апреля 2015 г. |f Национальный исследовательский Томский политехнический университет (ТПУ) ; Национальный исследовательский Томский государственный университет (ТГУ) ; Томский государственный архитектурно-строительный университет (ТГАСУ) ; Томский государственный университет систем управления и радиоэлектроники (ТУСУР) ; ред. кол. И. А. Курзина ; Г. А. Воронова ; С. А. Поробова |v [С. 526-528] |d 2015 | |
| 510 | 1 | |a Bromination of highly-deactivated aromatic systems using barium fluorobromate |z eng | |
| 610 | 1 | |a электронный ресурс | |
| 610 | 1 | |a труды учёных ТПУ | |
| 610 | 1 | |a бромирование | |
| 610 | 1 | |a ароматические системы | |
| 610 | 1 | |a тетрафторобромат бария | |
| 700 | 1 | |a Соболев |b В. И. |c химик-технолог |c инженер-проектировщик Томского политехнического университета |f 1989- |g Василий Игоревич |2 stltpush |3 (RuTPU)RU\TPU\pers\30113 | |
| 702 | 1 | |a Оствальд |b Р. В. |c химик-технолог |c доцент Томского политехнического университета, кандидат химических наук |f 1980- |g Роман Вячеславович |2 stltpush |4 727 | |
| 712 | 0 | 2 | |a Национальный исследовательский Томский политехнический университет (ТПУ) |b Физико-технический институт (ФТИ) |b Кафедра химической технологии редких, рассеянных и радиоактивных элементов (№ 43) (ХТРЭ) |h 56 |2 stltpush |3 (RuTPU)RU\TPU\col\18733 |
| 801 | 1 | |a RU |b 63413507 |c 20101016 | |
| 801 | 2 | |a RU |b 63413507 |c 20210128 |g RCR | |
| 856 | 4 | |u http://earchive.tpu.ru/handle/11683/19190 | |
| 856 | 4 | |u http://www.lib.tpu.ru/fulltext/c/2015/C21/165.pdf | |
| 942 | |c BK | ||